Statistics for Pokémon: Super Effective Chain - Gen IV

Click here to take the quiz!

General Stats

  • This quiz has been taken 14 times
  • The average score is 11 of 20

Answer Stats

Pokédex #PokémonType% Correct
393PiplupWater
100%
418BuizelWater
67%
412BurmyBug
67%
441ChatotNormal/Flying
67%
408CranidosRock
67%
413WormadamBug/Grass
67%
478FroslassIce/Ghost
56%
470LeafeonGrass
56%
448LucarioFighting/Steel
56%
464RhyperiorGround/Rock
56%
447RioluFighting
56%
468TogekissFairy/Flying
56%
480UxiePsychic
56%
438BonslyRock
44%
466ElectivireElectric
44%
473MamoswineIce/Ground
44%
479RotomElectric/Ghost
44%
459SnoverGrass/Ice
44%
469YanmegaBug/Flying
44%
476ProbopassRock/Steel
33%

Score Distribution

Percentile by Number Answered

Percent of People with Each Score

Your Score History

You have not taken this quiz